A critique of the principles of the young offenders act

Gespeichert in:  
Bibliographische Detailangaben
1. VerfasserIn: Awad, G. A. (Verfasst von)
Medienart: Druck Aufsatz
Sprache:Englisch
Veröffentlicht: 1987
In: The Canadian journal of psychiatry
Jahr: 1987, Band: 32, Heft: 6, Seiten: 440-444
Verfügbarkeit prüfen: HBZ Gateway
Schlagwörter:

MARC

LEADER 00000caa a22000002c 4500
001 1636795269
003 DE-627
005 20220608113429.0
007 tu
008 140310s1987 xx ||||| 00| ||eng c
035 |a (DE-627)1636795269 
035 |a (DE-576)402115597 
035 |a (DE-599)BSZ402115597 
040 |a DE-627  |b ger  |c DE-627  |e rakwb 
041 |a eng 
100 1 |a Awad, G. A.  |4 aut 
245 1 2 |a A critique of the principles of the young offenders act  |c G. A. Awad 
264 1 |c 1987 
336 |a Text  |b txt  |2 rdacontent 
337 |a ohne Hilfsmittel zu benutzen  |b n  |2 rdamedia 
338 |a Band  |b nc  |2 rdacarrier 
773 0 8 |i In  |t The Canadian journal of psychiatry  |d Thousand Oaks, CA : Sage Publications, 1979  |g 32(1987), 6, Seite 440-444  |w (DE-627)166771600  |w (DE-600)304227-3  |w (DE-576)015213021  |x 0706-7437  |7 nnas 
773 1 8 |g volume:32  |g year:1987  |g number:6  |g pages:440-444 
951 |a AR 
ELC |b 1 
LOK |0 000 xxxxxcx a22 zn 4500 
LOK |0 001 3294510551 
LOK |0 003 DE-627 
LOK |0 004 1636795269 
LOK |0 005 20140310122618 
LOK |0 008 140310||||||||||||||||ger||||||| 
LOK |0 040   |a DE-21-110  |c DE-627  |d DE-21-110 
LOK |0 689   |a s  |a Jugendstrafrecht 
LOK |0 689   |a g  |a Kanada 
LOK |0 852   |z Kein Bestand am IfK; Nachweis für KrimDok 
LOK |0 852   |a DE-21-110 
LOK |0 852 1  |m v  |9 00 
LOK |0 935   |a k110 
LOK |0 938   |k v 
LOK |0 939   |a 10-03-14  |b l01 
ORI |a SA-MARC-krimdoka001.raw